LIBRARY ONLINE CATALOGUE

What do economists contribute? / (Record no. 9903)

MARC details
000 -LEADER
fixed length control field 00741nam a22002412 4500
001 - CONTROL NUMBER
control field 0000023642
005 - DATE AND TIME OF LATEST TRANSACTION
control field 20151217152245.0
008 - FIXED-LENGTH DATA ELEMENTS--GENERAL INFORMATION
fixed length control field 130313s xx 000 0 eng d
020 ## - INTERNATIONAL STANDARD BOOK NUMBER
International Standard Book Number 0333777603 :
040 ## - CATALOGING SOURCE
Original cataloging agency KABU
Transcribing agency KABU
245 10 - TITLE STATEMENT
Title What do economists contribute? /
Statement of responsibility, etc. edited by Daniel B. Klein.
250 ## - EDITION STATEMENT
Edition statement 1st ed.
260 ## - PUBLICATION, DISTRIBUTION, ETC. (IMPRINT)
Place of publication, distribution, etc. London :
Name of publisher, distributor, etc. Palgrave,
Date of publication, distribution, etc. 2001.
300 ## - PHYSICAL DESCRIPTION
Extent xv, 156 p.
650 #0 - SUBJECT ADDED ENTRY--TOPICAL TERM
Topical term or geographic name as entry element Economics.
-- 0000148279
650 #0 - SUBJECT ADDED ENTRY--TOPICAL TERM
Topical term or geographic name as entry element Economists.
-- 0000183227
650 #0 - SUBJECT ADDED ENTRY--TOPICAL TERM
Topical term or geographic name as entry element Economics
General subdivision Political aspects.
-- 0000183228
650 #0 - SUBJECT ADDED ENTRY--TOPICAL TERM
Topical term or geographic name as entry element Economics
General subdivision Sociological aspects.
-- 0000168043
700 1# - ADDED ENTRY--PERSONAL NAME
Personal name Klein, Daniel B.
-- 0000183229
852 1# - LOCATION
-- p1750 KES
908 ## - PUT COMMAND PARAMETER (RLIN)
Put command parameter 130313
950 ## - LOCAL HOLDINGS (RLIN)
-- 1
Holdings
Withdrawn status Lost status Source of classification or shelving scheme Not for loan Home library Current library Date acquired Total Checkouts Full call number Barcode Date last seen Date last checked out Price effective from Koha item type
    Library of Congress Classification   Kabarak, Main Campus Kabarak, Main Campus 17/12/2015 3 HB71 .W43 2001 c. 1 014500 03/11/2025 21/10/2025 17/12/2015 General Collection